<?xml version="1.0" encoding="UTF-8"?><?xml-stylesheet type="text/xsl" href="static/style.xsl"?><OAI-PMH xmlns="http://www.openarchives.org/OAI/2.0/" xmlns:xsi="http://www.w3.org/2001/XMLSchema-instance" xsi:schemaLocation="http://www.openarchives.org/OAI/2.0/ http://www.openarchives.org/OAI/2.0/OAI-PMH.xsd"><responseDate>2026-06-02T06:37:11Z</responseDate><request verb="GetRecord" identifier="oai:riuma.uma.es:10630/41150" metadataPrefix="marc">https://riuma.uma.es/rest/oai/request</request><GetRecord><record><header><identifier>oai:riuma.uma.es:10630/41150</identifier><datestamp>2026-02-03T11:43:27Z</datestamp><setSpec>com_10630_2254</setSpec><setSpec>col_10630_37956</setSpec></header><metadata><record xmlns="http://www.loc.gov/MARC21/slim" xmlns:dcterms="http://purl.org/dc/terms/" xmlns:doc="http://www.lyncode.com/xoai" xmlns:xsi="http://www.w3.org/2001/XMLSchema-instance" xsi:schemaLocation="http://www.loc.gov/MARC21/slim http://www.loc.gov/standards/marcxml/schema/MARC21slim.xsd">
   <leader>00925njm 22002777a 4500</leader>
   <datafield ind2=" " ind1=" " tag="042">
      <subfield code="a">dc</subfield>
   </datafield>
   <datafield ind2=" " ind1=" " tag="720">
      <subfield code="a">Ríos-Moyano, Sonia</subfield>
      <subfield code="e">author</subfield>
   </datafield>
   <datafield ind2=" " ind1=" " tag="260">
      <subfield code="c">2023</subfield>
   </datafield>
   <datafield ind2=" " ind1=" " tag="520">
      <subfield code="a">El capítulo Arte, objeto y consumo examina de forma original la relación histórica entre imagen artística, cultura material y prácticas de consumo, analizando cómo las obras de arte han sido apropiadas, reinterpretadas y transformadas en objetos cotidianos a través de distintos dispositivos visuales y culturales. A partir de un enfoque interdisciplinar -que combina teoría de la imagen, estudios de cultura visual, historia del arte y análisis del consumo-, se muestra cómo la circulación masiva de imágenes ha favorecido procesos de recreación, resignificación y apropiación que reconfiguran el estatus del objeto artístico en la sociedad contemporánea.&#xd;
&#xd;
El estudio profundiza en cómo las imágenes migran desde los espacios de producción culta hacia los circuitos comerciales, generando nuevas capas de significado en su uso doméstico, decorativo, identitario o comunicativo. El texto analiza estos fenómenos desde un marco teórico sólido, mostrando que los comportamientos de consumo visual no son meramente económicos, sino culturales y simbólicos, y que a través de ellos el público participa activamente en la relectura del patrimonio artístico. La aportación ofrece un análisis valioso para comprender la relación entre arte y mercado, así como los mecanismos sociales que regulan la apropiación visual en la era contemporánea.</subfield>
   </datafield>
   <datafield ind1="8" ind2=" " tag="024">
      <subfield code="a">Ríos Moyano, S. (2023). Arte, objeto y consumo: Una relación basada en el uso, la recreación y la apropiación de la imagen artística. En M. E. Mocholí Martínez &amp; R. García Mahiques (Eds.), Imágenes. Encrucijadas interdisciplinares. Anejos de Imago. Revista de emblemática y cultura visual (Vol. 9, pp. 373–383). Universitat de València. ISBN 978-84-9133-620-4; ISBN (PDF) 978-84-9133-621-1. https://doi.org/10.7203/PUV-OA-621-1</subfield>
   </datafield>
   <datafield ind1="8" ind2=" " tag="024">
      <subfield code="a">978-84-9133-620-4</subfield>
   </datafield>
   <datafield ind1="8" ind2=" " tag="024">
      <subfield code="a">978-84-9133-621-1</subfield>
   </datafield>
   <datafield ind1="8" ind2=" " tag="024">
      <subfield code="a">https://hdl.handle.net/10630/41150</subfield>
   </datafield>
   <datafield ind1="8" ind2=" " tag="024">
      <subfield code="a">10.7203/PUV-OA-621-1</subfield>
   </datafield>
   <datafield tag="653" ind2=" " ind1=" ">
      <subfield code="a">Arte y sociedad</subfield>
   </datafield>
   <datafield tag="653" ind2=" " ind1=" ">
      <subfield code="a">Comunicación visual</subfield>
   </datafield>
   <datafield tag="653" ind2=" " ind1=" ">
      <subfield code="a">Estética</subfield>
   </datafield>
   <datafield ind2="0" ind1="0" tag="245">
      <subfield code="a">Arte, objeto y consumo. Una relación basada en el uso, la recreación y la apropiación de la imagen artística</subfield>
   </datafield>
</record>
</metadata></record></GetRecord></OAI-PMH>